000 00509nam a2200181Ia 4500
003 GCL
008 140319s9999 xx 000 0 eng d
040 _aGCL /
_cGCL
082 0 4 _a160
_bK C
100 1 _aKRETZMANN, NORMAN
245 1 0 _aTHE CAMBRIDGE TRANSLATIONS OF MEDIEVAL PHILOSOPHICAL TEXTS /
_cKRETZMANN, NORMAN
700 1 _aSTUMP, ELEONORE
260 _a[S.N] :
_bCAMBRIBGE UNIVERSITY PRESS ،
_c1988
300 _a531 P
650 0 4 _aLOGIC
650 0 4 _aLANGUAGE - PHILOSOPHY
942 _2ddc
_cBK
999 _c20950
_d20950